Online Catalogue and eLibrary

A Hidden History : (Record no. 1446)

MARC details
000 -LEADER
fixed length control field 00477nam a2200181Ia 4500
005 - DATE AND TIME OF LATEST TRANSACTION
control field 20241219002700.0
008 - FIXED-LENGTH DATA ELEMENTS--GENERAL INFORMATION
fixed length control field 240331s9999 xx 000 0 und d
020 ## - INTERNATIONAL STANDARD BOOK NUMBER
ISBN 9559102915
082 ## - DDC Classification
Item Number - Author Mark SAM
DDC Edition Number 6071
Class No. 305
100 ## - MAIN ENTRY--PERSONAL NAME
Personal name Samuel, K
245 #2 - TITLE STATEMENT
Title A Hidden History :
Remainder of title Women's Activism for Peace in Sri Lanka 1982-2002
260 ## - PUBLICATION, DISTRIBUTION, ETC.
Place of publication, distribution, etc. Colombo
Name of publisher, distributor, etc. Social Scientists' Association
Date of publication, distribution, etc. 2006
300 ## - PHYSICAL DESCRIPTION
Extent (e.g. Volumes, Pages etc.) 99 p.,
650 ## - SUBJECT ADDED ENTRY--TOPICAL TERM
Topical term or geographic name entry element Women
650 ## - SUBJECT ADDED ENTRY--TOPICAL TERM
Topical term or geographic name entry element Peace
650 ## - SUBJECT ADDED ENTRY--TOPICAL TERM
Topical term or geographic name entry element History
942 ## - Koha item type (Biblio)
Koha item type Books in Stacks (Lending)
Holdings
Lost status Damaged status Collection code Home library Current library Shelving location Date acquired Full call number Accession Number Item type
    Lending WERC Library WERC Library Social Science Cupboard 03/31/2024 305 SAM 6071 Books in Stacks (Lending)

© WERC Library